|
|
|
|
| LEADER |
00000nam0a2200000 4500 |
| 001 |
189816 |
| 005 |
20240129163316.0 |
| 035 |
|
|
|a (RuTPU)RU\TPU\book\206545
|
| 090 |
|
|
|a 189816
|
| 100 |
|
|
|a 20110111d2010 k y0rusy50 ca
|
| 101 |
0 |
|
|a rus
|
| 102 |
|
|
|a RU
|
| 105 |
|
|
|a a dm 001zy
|
| 200 |
1 |
|
|a Некоторые свойства отображений с s- усредненной характеристикой
|e автореферат диссертации на соискание ученой степени кандидата физико-математических наук
|e спец. 01.01.01
|f М. А. Елизарова
|g Томский государственный университет (ТГУ), Механико-математический факультет, Кафедра теории функций ; науч. рук. А. Н. Малютина
|
| 210 |
|
|
|a Томск
|d 2010
|
| 215 |
|
|
|a 21 с.
|c ил.
|
| 300 |
|
|
|a Защита сост. 27.12.2010 г.
|
| 320 |
|
|
|a Библиогр.: с. 20-21 (10 назв.).
|
| 606 |
1 |
|
|a Отображения квазиконформные
|2 stltpush
|3 (RuTPU)RU\TPU\subj\14190
|9 40649
|
| 610 |
1 |
|
|a пространственные отображения
|
| 610 |
1 |
|
|a обобщения
|
| 610 |
1 |
|
|a исследование
|
| 610 |
1 |
|
|a геометрические методы
|
| 610 |
1 |
|
|a авторефераты диссертаций
|
| 675 |
|
|
|a 517.548(04)
|v 3
|
| 686 |
|
|
|a 01.01.01
|2 oksvnk
|
| 700 |
|
1 |
|a Елизарова
|b М. А.
|c математик
|c доцент Томского политехнического университета, кандидат физико-математических наук
|f 1971-
|g Мария Александровна
|3 (RuTPU)RU\TPU\pers\36277
|9 19352
|
| 702 |
|
1 |
|a Малютина
|b А. Н.
|g Александра Николаевна
|4 727
|
| 712 |
0 |
2 |
|a Томский государственный университет (ТГУ)
|b Механико-математический факультет
|b Кафедра теории функций
|3 (RuTPU)RU\TPU\col\397
|
| 801 |
|
1 |
|a RU
|b 63413507
|c 20110111
|
| 801 |
|
2 |
|a RU
|b 63413507
|c 20160303
|g RCR
|
| 942 |
|
|
|c BK
|